Research methodology: Statistical tools (Record no. 396803)

MARC details
000 -LEADER
fixed length control field 00553 a2200205 4500
005 - DATE & TIME
control field 20260218121651.0
008 - FIXED-LENGTH DATA ELEMENTS--GENERAL INFORMATION
fixed length control field 260218b |||||||| |||| 00| 0 eng d
020 ## - ISBN
International Standard Book Number 9789393585875
Price Rs. 1895.00
040 ## - CATALOGING SOURCE
Original cataloging agency VIVEKANANDA LIBRARY
082 ## - DDC NUMBER
Classification number 300.72
Book Number S41R
100 ## - MAIN ENTRY--PERSONAL NAME
Personal name Samal, Minati
245 ## - TITLE STATEMENT
Title Research methodology: Statistical tools
260 ## - PUBLICATION, DISTRIBUTION, ETC. (IMPRINT)
Date of publication, distribution, etc 2025
Place of publication, distribution, etc Delhi
Name of publisher, distributor, etc Rights Publication
300 ## - PHYSICAL DESCRIPTION
Pages vi, 247
650 ## - Subject
Subject Research
650 ## - Subject
Subject Interdisciplinary Research
650 ## - Subject
Subject Qualitative Research
650 ## - Subject
Subject Quantitative Research
942 ## - ADDED ENTRY ELEMENTS (KOHA)
Koha item type Books
Holdings
Withdrawn status Lost status Source of classification or shelving scheme Damaged status Not for loan Location (home branch) Sublocation or collection (holding branch) Shelving location Date acquired Koha issues (times borrowed) Koha full call number Accession No. Koha date last seen Koha item type
    Dewey Decimal Classification     VIVEKANANDA LIBRARY VIVEKANANDA LIBRARY Vivekananda Library 04/02/2026   300.72 S41R 438099 04/02/2026 Books
    Dewey Decimal Classification     VIVEKANANDA LIBRARY VIVEKANANDA LIBRARY Vivekananda Library 04/02/2026   300.72 S41R 438100 04/02/2026 Books
© Designed and Maintained by Vivekananda Library, MDU Rohtak